<?xml version="1.0" encoding="UTF-8"?>
<record
    xmlns:xsi="http://www.w3.org/2001/XMLSchema-instance"
    xsi:schemaLocation="http://www.loc.gov/MARC21/slim http://www.loc.gov/standards/marcxml/schema/MARC21slim.xsd"
    xmlns="http://www.loc.gov/MARC21/slim">

  <leader>00864nam a2200229 a 4500</leader>
  <controlfield tag="001">BRCA_1992</controlfield>
  <controlfield tag="005">20190320203629.0</controlfield>
  <controlfield tag="008">290508s1990----mx-a---###---#000-0#spa-#</controlfield>
  <datafield tag="050" ind1=" " ind2="4">
    <subfield code="a">PM4297</subfield>
    <subfield code="b">.G55 1990</subfield>
  </datafield>
  <datafield tag="100" ind1="1" ind2=" ">
    <subfield code="a">Gilberti, Maturino</subfield>
    <subfield code="d">1498-1585</subfield>
    <subfield code="9">6105</subfield>
  </datafield>
  <datafield tag="245" ind1="1" ind2="0">
    <subfield code="a">Vocabulario en lengua de Mechuacan</subfield>
    <subfield code="c">Fray Maturino Gilberti.</subfield>
  </datafield>
  <datafield tag="260" ind1=" " ind2=" ">
    <subfield code="a">Ciudad de M&#xE9;xico</subfield>
    <subfield code="b">CONDUMEX</subfield>
    <subfield code="c">1990</subfield>
  </datafield>
  <datafield tag="300" ind1=" " ind2=" ">
    <subfield code="a">1 v. (en varias paginaciones)</subfield>
    <subfield code="b">il.</subfield>
    <subfield code="c">23 cm.</subfield>
  </datafield>
  <datafield tag="500" ind1=" " ind2=" ">
    <subfield code="a">Facs&#xED;mil de : Juan Pablos, 1559</subfield>
  </datafield>
  <datafield tag="500" ind1=" " ind2=" ">
    <subfield code="a">Edici&#xF3;n conmemorativa del vig&#xE9;simo quinto aniversario del Centro de Estudios de Historia de M&#xE9;xico CONDUMEX</subfield>
  </datafield>
  <datafield tag="650" ind1="1" ind2="4">
    <subfield code="a">Tarasco</subfield>
    <subfield code="x">Gram&#xE1;tica</subfield>
    <subfield code="9">6106</subfield>
  </datafield>
  <datafield tag="650" ind1="1" ind2="4">
    <subfield code="a">Tarasco</subfield>
    <subfield code="x">Diccionarios</subfield>
    <subfield code="9">6107</subfield>
  </datafield>
  <datafield tag="650" ind1="1" ind2="4">
    <subfield code="a">Lenguas ind&#xED;genas</subfield>
    <subfield code="z">Michoac&#xE1;n - Quer&#xE9;taro - Guanajuato</subfield>
    <subfield code="9">6108</subfield>
  </datafield>
  <datafield tag="650" ind1="1" ind2="4">
    <subfield code="a">Impresos mexicanos</subfield>
    <subfield code="y">Siglo XVI</subfield>
    <subfield code="9">6109</subfield>
  </datafield>
  <datafield tag="902" ind1=" " ind2=" ">
    <subfield code="a">REF</subfield>
  </datafield>
  <datafield tag="942" ind1=" " ind2=" ">
    <subfield code="2">lcc</subfield>
    <subfield code="c">B</subfield>
  </datafield>
  <datafield tag="999" ind1=" " ind2=" ">
    <subfield code="c">1759</subfield>
    <subfield code="d">1759</subfield>
  </datafield>
  <datafield tag="952" ind1=" " ind2=" ">
    <subfield code="0">0</subfield>
    <subfield code="1">0</subfield>
    <subfield code="4">0</subfield>
    <subfield code="7">0</subfield>
    <subfield code="a">BRCA</subfield>
    <subfield code="b">BRCA</subfield>
    <subfield code="d">2008-07-30</subfield>
    <subfield code="l">0</subfield>
    <subfield code="o">PM4297 .G55 1990</subfield>
    <subfield code="p">REF00156</subfield>
    <subfield code="r">2019-03-22 00:00:00</subfield>
    <subfield code="w">2019-03-22</subfield>
    <subfield code="y">B</subfield>
  </datafield>
</record>
